| 000 | 00000nam##2200000za#4500 |
| 001 | 9.607703 |
| 003 | CaOODSP |
| 005 | 20230801131724 |
| 007 | cr ||||||||||| |
| 008 | 150406|2012||||xxc|||||o f|0| 0 fre|d |
| 040 | |aCaOODSP|bfre |
| 043 | |an-cn--- |
| 086 | 1 |aPS82-1/12-3F-PDF |
| 110 | 2 |aService correctionnel Canada. |bDirection de la recherche. |
| 245 | 10|aRésultats postlibératoires des participants au Programme de traitement d'entretien à la méthadone (PTEM) : |h[ressource électronique]|bune étude comparative / |cpréparé par Mary-Ann MacSwain, Shanna Farrell MacDonald et Madelon Cheverie. |
| 260 | |aOttawa - Ontario : |bService correctionnel Canada. |cJuillet 2012. |
| 300 | |a1p.|btableau |
| 490 | 1 |aRésultats de recherche émergents|vNuméro 12-3 |
| 590 | |a14-16-Supp|b2014-09-25 |
| 775 | 08|tPost release outcomes of Methadone Maintenance Treatment Program (MMTP) participants : |w(CaOODSP)9.580758 |
| 830 | #0|aRésultats de recherche émergents (Service correctionnel Canada)|vNuméro 12-3|w(CaOODSP)9.503038 |
| 856 | 40|ahttp://publications.gc.ca|qPDF|s328 Ko|uhttps://publications.gc.ca/collections/collection_2014/scc-csc/PS82-1-12-3-fra.pdf|yNuméro 12-3 |